| 000 | 01470cam a22003614a 4500 | ||
|---|---|---|---|
| 001 | 13911086 | ||
| 003 | NUST | ||
| 005 | 20220812120811.0 | ||
| 008 | 050323s2003 pk b 001 0 eng c | ||
| 010 | _a 2003343024 | ||
| 020 | _a9694023726 | ||
| 025 | _aP-E-2003-343024 | ||
| 035 | _a(OCoLC)ocm54544604 | ||
| 040 |
_aEQO _cEQO _dOCLCQ _dDLC _dGZM _dDLC |
||
| 042 | _apcc | ||
| 043 |
_aa-ii--- _aa-pk--- _aa-bg--- |
||
| 050 | 0 | 0 |
_aDS388 _b.A95 2003 |
| 082 | _a320.95492, AZI | ||
| 100 | 1 |
_aAziz, Khursheed Kamal, _d1927-2009. _996976 |
|
| 245 | 1 | 0 |
_aWorld powers and the 1971 breakup of Pakistan / _cK.K. Aziz. |
| 260 |
_aLahore : _bVanguard Books, _cc2003. |
||
| 300 |
_axiv, 394 p. ; _c23 cm. |
||
| 505 | _aThe United State of America (Page-34), Great Britain (Page-110), The Soviet Union (Page-179), The Indo-Soviet Treaty of 1971 (Page-243), China, the Muslim world and other Countries (page-267). | ||
| 650 | 0 |
_aIndia-Pakistan Conflict, 1971 _xForeign public opinion. _996977 |
|
| 650 | 0 |
_aIndia-Pakistan Conflict, 1971 _xPress coverage. _996978 |
|
| 651 | 0 |
_aBangladesh _xHistory _yRevolution, 1971 _xForeign public opinion. _996979 |
|
| 651 | 0 |
_aBangladesh _xHistory _yRevolution, 1971 _xPress coverage. _996980 |
|
| 651 | 0 |
_aPakistan _xForeign relations. |
|
| 906 |
_a7 _bcbc _cpccadap _d3 _encip _f20 _gy-gencatlg |
||
| 942 |
_2ddc _cBK |
||
| 999 |
_c590922 _d590922 |
||